One Direction - Gotta be you - Statystyki

Ogólne statystyki
  • Ten quiz został rozwiązany 19 razy
  • Średni wynik to 152 z 252
Statystyki odpowiedzi
Odpowiedź % Poprawnych
I
100%
it
100%
you
100%
you.
100%
a
89%
your
89%
be
78%
Girl
78%
girl
78%
girl,
78%
gotta
78%
It's
78%
it's
78%
one
78%
One
78%
the
78%
eyes
67%
for
67%
hear
67%
I'm
67%
in
67%
is
67%
more
67%
more,
67%
Only
67%
only
67%
see
67%
there
67%
time?
67%
time
67%
to
67%
we
67%
When
67%
you're
67%
am
56%
And
56%
and
56%
apart
56%
'cause
56%
'Cause
56%
heart
56%
me
56%
no
56%
No
56%
Oh
56%
that
56%
this
56%
who
56%
better
44%
Can
44%
can
44%
foolish
44%
know
44%
make
44%
was
44%
what
44%
where
44%
all
33%
asking
33%
away
33%
But
33%
chance.
33%
deserves
33%
else.
33%
fall,
33%
going
33%
here
33%
if
33%
I'll
33%
made
33%
mess
33%
nobody
33%
Now
33%
rewind
33%
Stop
33%
tore
33%
try
33%
try?
33%
upon
33%
voice
33%
walk
33%
world
33%
about
22%
actions
22%
ain't
22%
almost
22%
anoited
22%
break
22%
by
22%
crying
22%
don't
22%
Don't
22%
fade
22%
fears
22%
from
22%
had
22%
heard
22%
how
22%
innocence
22%
louder
22%
resemble,
22%
scared,
22%
side
22%
speak
22%
tape
22%
than
22%
trembles
22%
with
22%
woman
22%
words
22%
You've
22%
you've
22%
diappointed
0%
enogh
0%
goota
0%
Nie znaleziono quizów pasujących do podanych kryteriów
Rozkład punktacji
Procent ludzi z każdym wynikiem
Percentyl według liczby udzielonych odpowiedzi
Twoja historia wyników
Nie rozwiązałeś tego quizu